[Event "European Blitz 2015"]
[Site "Minsk BLR"]
[Date "2015.12.18"]
[Round "18.12"]
[White "Grachev, Boris"]
[Black "Grishchenko, Sergey1"]
[Result "1-0"]
[WhiteTitle "GM"]
[BlackTitle "IM"]
[WhiteElo "2652"]
[BlackElo "2442"]
[WhiteFideId "4129199"]
[BlackFideId "4136730"]
[EventDate "2015.12.18"]
[EventType "swiss (blitz)"]

1. d4 d5 2. Bf4 Nf6 3. e3 Nbd7 4. Nd2 e6 5. Ngf3 Be7 6. h3 c5 7. c3 Qb6 8. Qb3
c4 9. Qc2 Bd6 10. Bxd6 Qxd6 11. e4 e5 12. exd5 b5 13. a4 exd4 14. Nxd4 Qe5+ 15.
Be2 Nxd5 16. N2f3 Qe7 17. O-O O-O 18. axb5 N7b6 19. Rfe1 Qf6 20. Bf1 Nf4 21. Qe4
Bd7 22. Qe5 Qh6 23. Qg5 Qd6 24. Qe5 Qh6 25. Qg5 Qd6 26. Rad1 Nfd5 27. Qg3 Qf6
28. Ne5 Be6 29. Nxc4 Nxc4 30. Bxc4 Nf4 31. Bf1 Bd5 32. Nf3 Rad8 33. Rd4 Ne6 34.
Rdd1 h6 35. Qe5 Bxf3 36. Qxf6 gxf6 37. gxf3 Nf4 38. Kh2 Kg7 39. c4 Rc8 40. b4
Kg6 41. c5 Kg5 42. Re4 f5 43. Re5 Ng6 44. Ree1 Nh4 45. Bg2 Rg8 46. Rg1 Kf6 47.
Rd6+ Ke7 48. Re1+ Kf8 49. Bh1 Rg5 50. Rxh6 Kg7 51. Rxh4 1-0

[Event "European Blitz 2015"]
[Site "Minsk BLR"]
[Date "2015.12.18"]
[Round "18.13"]
[White "Dzhumagaliev, Yan"]
[Black "Roiz, Michael"]
[Result "0-1"]
[WhiteTitle "FM"]
[BlackTitle "GM"]
[WhiteElo "2400"]
[BlackElo "2594"]
[WhiteFideId "24100110"]
[BlackFideId "2804158"]
[EventDate "2015.12.18"]
[EventType "swiss (blitz)"]

1. h4 d5 2. h5 h6 3. d4 Nf6 4. Nf3 c5 5. c4 e6 6. cxd5 exd5 7. Nc3 Nc6 8. Bf4
Be7 9. e3 O-O 10. Be2 Bg4 11. dxc5 Bxc5 12. Ne5 Bxe2 13. Nxe2 Qa5+ 14. Kf1 Rfe8
15. Nxc6 bxc6 16. a3 Qb5 17. b4 Bb6 18. Kg1 a5 19. a4 Qa6 20. bxa5 Qxa5 21. Ng3
Bc7 22. Rh4 Bxf4 23. Rxf4 Qd8 24. Nf5 Re4 25. Rxe4 Nxe4 26. Qg4 Qf6 27. Ra2 Ra5
28. Nd4 c5 29. Nb5 Qc6 30. Qf5 Nf6 31. Nc3 Qa8 32. Rd2 d4 33. exd4 cxd4 34. Nb5
Rxa4 35. Nxd4 Rxd4 0-1

[Event "European Blitz 2015"]
[Site "Minsk BLR"]
[Date "2015.12.18"]
[Round "18.14"]
[White "Zakhartsov, Vladimir"]
[Black "Popov, Valerij"]
[Result "0-1"]
[WhiteTitle "IM"]
[BlackTitle "GM"]
[WhiteElo "2462"]
[BlackElo "2528"]
[WhiteFideId "4145097"]
[BlackFideId "4119410"]
[EventDate "2015.12.18"]
[EventType "swiss (blitz)"]

1. e4 e6 2. d4 d5 3. Nd2 h6 4. Bd3 Nc6 5. c3 e5 6. exd5 Qxd5 7. Be4 Qd8 8. d5
Nce7 9. c4 g6 10. Ngf3 Bg7 11. O-O f5 12. Bc2 e4 13. Ne1 c6 14. Ba4 b5 15. cxb5
cxd5 16. Nb3 Nf6 17. b6+ Kf7 18. bxa7 Rxa7 19. Nd4 Qa5 20. Bb3 Ba6 21. Bd2 Qb6
22. Be3 Qb8 23. Ne2 Rd7 24. Nc2 Ng4 25. Bf4 Bxe2 26. Qxe2 Qxf4 27. g3 Qe5 28. f3
Nf6 29. fxe4 Nxe4 30. Rae1 Rb8 31. Qxe4 Qxe4 32. Rxe4 Rxb3 33. Rxe7+ Kxe7 34.
axb3 Rb7 35. Rf3 Bxb2 36. Rd3 Ke6 37. Ne3 d4 38. Nc4 Bc3 39. Kg2 Rxb3 40. Kf3
Kd5 41. Nd2 Rb2 42. Nf1 g5 43. h3 Ke5 44. g4 Be1 45. Ne3 Rf2+ 0-1

[Event "European Blitz 2015"]
[Site "Minsk BLR"]
[Date "2015.12.18"]
[Round "18.15"]
[White "Kovalenko, Igor"]
[Black "Stupak, Kirill"]
[Result "1-0"]
[WhiteTitle "GM"]
[BlackTitle "GM"]
[WhiteElo "2680"]
[BlackElo "2542"]
[WhiteFideId "14117908"]
[BlackFideId "13503758"]
[EventDate "2015.12.18"]
[EventType "swiss (blitz)"]

1. d4 g6 2. e4 Bg7 3. c3 d6 4. h4 h6 5. Bc4 c6 6. Bb3 Nf6 7. Nd2 O-O 8. Ne2 e5
9. dxe5 dxe5 10. Ng3 Na6 11. Qe2 Nc5 12. Bc2 Ne8 13. h5 Ne6 14. hxg6 fxg6 15.
Nf3 Nf4 16. Bxf4 exf4 17. Bb3+ Kh7 18. Nf1 Qe7 19. N1d2 Bg4 20. e5 Rd8 21. Bc2
Nc7 22. O-O-O Bf5 23. Rde1 Bxc2 24. Kxc2 Kg8 25. Nc4 Qe6 26. Qe4 Ne8 27. a4 b5
28. Na5 bxa4 29. Qxc6 Qg4 30. Rh2 Rb8 31. Qxa4 Nc7 32. Qc4+ Ne6 33. Nc6 Rbe8 34.
Ncd4 g5 35. Ra1 Rf7 36. Nxe6 Rxe6 37. Qc8+ Rf8 38. Qc4 Rf7 39. Ra5 Qf5+ 40. Qd3
Qxd3+ 41. Kxd3 g4 42. Nd4 Rxe5 43. Rxe5 Bxe5 44. Rxh6 Rb7 45. b4 Kg7 46. Rh4 g3
47. fxg3 fxg3 48. Nc6 Rd7+ 49. Kc2 Bc7 50. Nd4 Kg6 51. Rg4+ Kh5 52. Re4 Rf7 53.
Re2 Bb6 54. Kd3 Kg4 55. c4 Bc7 56. c5 Rd7 57. Kc4 Bf4 58. Re4 Rf7 59. Ne2 Kg5 1-0

[Event "European Blitz 2015"]
[Site "Minsk BLR"]
[Date "2015.12.18"]
[Round "18.16"]
[White "Alekseev, Evgeny"]
[Black "Sychev, Klementy"]
[Result "1/2-1/2"]
[WhiteTitle "GM"]
[BlackTitle "IM"]
[WhiteElo "2642"]
[BlackElo "2415"]
[WhiteFideId "4138147"]
[BlackFideId "4114060"]
[EventDate "2015.12.18"]
[EventType "swiss (blitz)"]

1. e4 e5 2. Nf3 Nc6 3. Bb5 Nf6 4. d3 d6 5. c3 g6 6. O-O Bg7 7. h3 O-O 8. Be3 Bd7
9. Ba4 Qe8 10. Bc2 Qe7 11. Nbd2 d5 12. Re1 Rad8 13. a3 a5 14. Qb1 Be6 15. Ba4
dxe4 16. dxe4 Nd7 17. b4 axb4 18. axb4 Ra8 19. Qc2 h6 20. Nb3 Rfd8 21. Bxc6 bxc6
22. Na5 Ra6 23. Qe2 Nb8 24. Red1 Re8 25. Nd2 Ra8 26. Ndb3 f5 27. f3 fxe4 28.
fxe4 Bxb3 29. Nxb3 Rxa1 30. Rxa1 Qf7 31. Nc5 Nd7 32. Rf1 Qe7 33. Qc4+ Kh8 34.
Rf7 1/2-1/2

[Event "European Blitz 2015"]
[Site "Minsk BLR"]
[Date "2015.12.18"]
[Round "18.17"]
[White "Ladva, Ottomar"]
[Black "Popov, Ivan RUS"]
[Result "0-1"]
[WhiteTitle "IM"]
[BlackTitle "GM"]
[WhiteElo "2401"]
[BlackElo "2650"]
[WhiteFideId "4500024"]
[BlackFideId "4170350"]
[EventDate "2015.12.18"]
[EventType "swiss (blitz)"]

1. Nf3 c5 2. c4 Nc6 3. Nc3 g6 4. d4 cxd4 5. Nxd4 Bg7 6. Nc2 Bxc3+ 7. bxc3 Qa5 8.
Bd2 Nf6 9. Nd4 Ne4 10. Nb3 Qe5 11. Qc2 Nxd2 12. Qxd2 d6 13. e3 O-O 14. Be2 Be6
15. Nd4 Na5 16. Nxe6 Qxe6 17. Qd5 b6 18. Qxe6 fxe6 19. Rd1 Rac8 20. Rd4 Rc5 21.
h4 e5 22. Rg4 Kg7 23. h5 Rf6 24. Bd3 b5 25. hxg6 hxg6 26. Rgh4 bxc4 27. Rh7+ Kf8
28. Bc2 Rb5 29. f3 Rb2 30. Kd2 Rxa2 31. Rb1 Nb3+ 32. Kd1 Ra3 33. Bxb3 Rxb3 34.
Ra1 Rf7 35. Rxf7+ Kxf7 36. Kc2 Rb7 37. e4 Kf6 38. Ra4 g5 39. Rxc4 g4 40. Rc8
gxf3 41. gxf3 Ke6 42. c4 Kd7 43. Ra8 Kc6 44. Kc3 Kb6 45. Rf8 a5 46. f4 exf4 47.
Rxf4 Kc6 48. Rf5 e5 49. Rf8 a4 50. Ra8 Rb3+ 51. Kc2 Ra3 52. Kb2 Re3 53. Rxa4
Rxe4 54. Kc3 Re3+ 55. Kb4 Re1 56. Ra6+ Kd7 57. Kc3 Re3+ 58. Kb4 Rd3 59. Ra7+ Ke6
60. Ra8 e4 61. Re8+ Kf5 62. Rd8 Kf4 63. Kb5 Kf3 64. c5 dxc5 65. Rf8+ Ke2 66.
Kxc5 e3 67. Kc4 Rd7 68. Kc3 Ke1 69. Kc2 e2 70. Rf6 Rd5 71. Rf8 Rc5+ 0-1

[Event "European Blitz 2015"]
[Site "Minsk BLR"]
[Date "2015.12.18"]
[Round "18.18"]
[White "Kulaots, Kaido"]
[Black "Kuzin, Anton"]
[Result "1-0"]
[WhiteTitle "GM"]
[BlackTitle "IM"]
[WhiteElo "2574"]
[BlackElo "2409"]
[WhiteFideId "4500261"]
[BlackFideId "4148410"]
[EventDate "2015.12.18"]
[EventType "swiss (blitz)"]

1. e4 c6 2. d4 d5 3. Nc3 dxe4 4. Nxe4 Bf5 5. Ng3 g6 6. Nxf5 gxf5 7. Nf3 Bh6 8.
Bxh6 Nxh6 9. Qd2 Qd6 10. O-O-O Nd7 11. c4 Ng4 12. Bd3 e6 13. Kb1 O-O-O 14. c5
Qd5 15. h3 Ngf6 16. Rhe1 Rhg8 17. Qa5 Rxg2 18. Ne5 Rxf2 19. Nxf7 Rf8 20. Bc4 Qg2
21. Nd6+ Kb8 22. Qb4 b5 23. Bxe6 Nd5 24. Bxd5 Qxd5 25. Re7 Qf3 26. Rde1 Qd3+ 27.
Ka1 Nf6 28. Rb7+ Ka8 29. Rxa7+ 1-0

[Event "European Blitz 2015"]
[Site "Minsk BLR"]
[Date "2015.12.18"]
[Round "18.19"]
[White "Polivanov, Anatoliy"]
[Black "Romanov, Evgeny"]
[Result "0-1"]
[WhiteTitle "IM"]
[BlackTitle "GM"]
[WhiteElo "2426"]
[BlackElo "2590"]
[WhiteFideId "14109468"]
[BlackFideId "4148843"]
[EventDate "2015.12.18"]
[EventType "swiss (blitz)"]

1. e4 e5 2. Nf3 Nc6 3. Bc4 Bc5 4. c3 Nf6 5. d3 d6 6. Bb3 Bb6 7. Qe2 Ne7 8. Nbd2
c6 9. Nc4 Bc7 10. Ne3 O-O 11. h3 d5 12. Bc2 d4 13. Ng4 Nxg4 14. hxg4 Bxg4 15.
cxd4 exd4 16. Bd2 Ng6 17. O-O-O h6 18. Bb3 Bf4 19. Kb1 Bxd2 20. Qxd2 Qf6 21.
Rdg1 Qf4 22. Qxf4 Nxf4 23. Rh4 h5 24. Nxd4 Rfd8 25. Nf5 g5 26. Rh2 Bxf5 27. exf5
Kg7 28. g3 Nxd3 29. Rxh5 f6 30. Rgh1 Rh8 31. Rxh8 Rxh8 32. Rd1 Nxf2 33. Rd7+ Kh6
34. Rxb7 Rh7 35. Rb4 Re7 36. a3 Ne4 37. g4 Nf2 38. Rc4 Re4 39. Rxc6 Nxg4 40. Bd1
Kh5 41. Rxf6 Re1 42. Rd6 Kh4 43. Ka2 Ne3 44. Bb3 Nxf5 45. Rd7 g4 46. Rxa7 g3 47.
Bd5 Ne3 48. Re7 Kg5 49. a4 Kf4 50. a5 Rd1 51. Bc6 Rd6 52. Re4+ Kf3 53. Re6+ Rxc6
54. Rxc6 g2 55. Rf6+ Kg3 56. Rg6+ Ng4 57. a6 g1=Q 58. Rg7 Kf4 59. a7 Qh1 60. Rc7
Qd5+ 61. Kb1 Ne3 62. Rc8 Qd1+ 63. Ka2 Qa4+ 64. Kb1 Qxa7 65. Rf8+ 0-1

[Event "European Blitz 2015"]
[Site "Minsk BLR"]
[Date "2015.12.18"]
[Round "18.20"]
[White "Karpov, Vadim"]
[Black "Kovalev, Vladislav"]
[Result "0-1"]
[WhiteTitle "IM"]
[BlackTitle "GM"]
[WhiteElo "2377"]
[BlackElo "2546"]
[WhiteFideId "4155025"]
[BlackFideId "13504398"]
[EventDate "2015.12.18"]
[EventType "swiss (blitz)"]

1. e4 e5 2. Nf3 Nc6 3. Nc3 Nf6 4. d4 exd4 5. Nxd4 Bb4 6. Nxc6 bxc6 7. Bd3 d5 8.
exd5 O-O 9. O-O cxd5 10. Bg5 c6 11. Qf3 Bd6 12. Bxf6 Qxf6 13. Qxf6 gxf6 14. Ne2
c5 15. b3 Be6 16. Rad1 Rfd8 17. Ng3 c4 18. Bf5 Rac8 19. Rd4 Be5 20. Rg4+ Kf8 21.
Rh4 cxb3 22. axb3 Bxg3 23. fxg3 Bxf5 24. Rxf5 Rxc2 25. Rxh7 Rd6 26. Rh8+ Ke7 27.
Ra8 a6 28. Rf3 d4 29. Rd3 Ke6 30. h4 Kd5 31. Re8 Rc3 32. Rd2 Rxb3 33. h5 f5 34.
Re7 d3 35. Kf2 Kd4 36. Rc7 Rc3 37. Rd1 0-1

[Event "European Blitz 2015"]
[Site "Minsk BLR"]
[Date "2015.12.18"]
[Round "18.21"]
[White "Kryakvin, Dmitry"]
[Black "Pankov, German"]
[Result "1-0"]
[WhiteTitle "GM"]
[BlackTitle "IM"]
[WhiteElo "2529"]
[BlackElo "2404"]
[WhiteFideId "4153278"]
[BlackFideId "4174569"]
[EventDate "2015.12.18"]
[EventType "swiss (blitz)"]

1. d4 d5 2. c4 e5 3. dxe5 d4 4. e4 Nc6 5. f4 f6 6. exf6 Nxf6 7. Bd3 Bg4 8. Nf3
Bb4+ 9. Nbd2 Qe7 10. O-O O-O-O 11. h3 Bh5 12. e5 Nd7 13. Ne4 Nc5 14. a3 Nxe4 15.
Bxe4 Bc5 16. b4 d3+ 17. bxc5 Qxc5+ 18. Kh2 Qxc4 19. Bxc6 Qxc6 20. Be3 Qe4 21.
Qd2 h6 22. Rab1 g5 23. Rb4 Qd5 24. Rd4 Qb3 25. f5 Qc2 26. Rxd8+ Rxd8 27. e6 g4
28. hxg4 Bxg4 29. Ne5 Rd5 30. Nxg4 1-0

[Event "European Blitz 2015"]
[Site "Minsk BLR"]
[Date "2015.12.18"]
[Round "18.22"]
[White "Smirnov, Alexey"]
[Black "Jobava, Baadur"]
[Result "0-1"]
[BlackTitle "GM"]
[WhiteElo "2455"]
[BlackElo "2673"]
[WhiteFideId "4168437"]
[BlackFideId "13601520"]
[EventDate "2015.12.18"]
[EventType "swiss (blitz)"]

1. d4 Nf6 2. c4 c6 3. Nc3 d5 4. Nf3 dxc4 5. a4 Bg4 6. Ne5 Bh5 7. f3 Nfd7 8. Nxc4
e5 9. Nxe5 Nxe5 10. dxe5 Qxd1+ 11. Kxd1 Nd7 12. Bf4 O-O-O 13. Kc2 Bc5 14. Rd1
Rde8 15. h4 Nxe5 16. e4 f6 17. Be2 Bf7 18. b3 Rd8 19. Rxd8+ Rxd8 20. Rd1 Bf2 21.
Rh1 h5 22. Nd1 Bc5 23. Be3 Rxd1 24. Rxd1 Bxe3 25. Rf1 Bf4 26. Kc3 Kc7 27. Rh1 a5
28. Bd1 Nd7 29. Rh3 Nc5 0-1

[Event "European Blitz 2015"]
[Site "Minsk BLR"]
[Date "2015.12.18"]
[Round "18.23"]
[White "Bordovsky, Vladimir"]
[Black "Demidov, Mikhail"]
[Result "0-1"]
[BlackTitle "IM"]
[WhiteElo "2380"]
[BlackElo "2485"]
[WhiteFideId "14118467"]
[BlackFideId "4197143"]
[EventDate "2015.12.18"]
[EventType "swiss (blitz)"]

1. c4 e5 2. Nc3 Bb4 3. Nf3 Bxc3 4. dxc3 d6 5. g3 Nf6 6. Bg2 O-O 7. O-O Qe7 8. b4
a5 9. Be3 Ng4 10. Bg5 Nf6 11. a3 h6 12. Bd2 Be6 13. c5 dxc5 14. Nxe5 Bd5 15. Nf3
Rd8 16. Qc1 axb4 17. cxb4 Nbd7 18. bxc5 Qxc5 19. Bb4 Qxc1 20. Rfxc1 c6 21. Nd2
Bxg2 22. Kxg2 Nd5 23. Nb3 Re8 24. e3 Ne5 25. Rd1 Nc4 26. Nc5 b6 27. Nb7 Ndxe3+
28. fxe3 Nxe3+ 29. Kf3 Nxd1 30. Rxd1 c5 31. Nxc5 bxc5 32. Bxc5 Red8 33. Re1 Rd3+
34. Kg4 Ra4+ 35. Kh3 Rc4 36. Bb4 g5 37. Re2 Kg7 38. Rf2 Kg6 39. Bf8 f5 40. Bb4
Rcd4 41. Bc5 Rd5 42. Bf8 Rd2 43. Rxd2 Rxd2 44. g4 fxg4+ 45. Kxg4 Rxh2 46. Bd6
Rd2 47. Bb4 Rd3 0-1

[Event "European Blitz 2015"]
[Site "Minsk BLR"]
[Date "2015.12.18"]
[Round "18.25"]
[White "Inarkiev, Ernesto"]
[Black "Efanov, Nikolai"]
[Result "1/2-1/2"]
[WhiteTitle "GM"]
[BlackTitle "IM"]
[WhiteElo "2668"]
[BlackElo "2399"]
[WhiteFideId "4162722"]
[BlackFideId "4187997"]
[EventDate "2015.12.18"]
[EventType "swiss (blitz)"]

1. d4 d6 2. Nf3 g6 3. c4 Bg7 4. Nc3 Nd7 5. e4 e5 6. Be2 Ne7 7. h4 h6 8. Be3 f5
9. dxe5 dxe5 10. g3 O-O 11. Qd2 Kh7 12. O-O-O fxe4 13. Nxe4 Nf5 14. Bg5 Qe8 15.
h5 gxh5 16. Be3 Nxe3 17. Qxe3 Nf6 18. Nxf6+ Bxf6 19. Bd3+ Kg7 20. Qe4 Rh8 21.
Nh4 Qf7 22. Kb1 Bxh4 23. gxh4 Kf6 24. f4 Qe6 25. Rhf1 Ke7 26. Rde1 Bd7 27. Qxb7
Qc6 28. Rxe5+ Kd8 29. Qb4 Qb6 30. Qe7+ Kc8 31. Rd5 Bc6 32. Bf5+ Kb7 33. Rd2 Rae8
34. Qa3 Rhf8 35. Bd3 Qe3 36. Re2 Qd4 37. Rd1 Qxf4 38. Rxe8 Rxe8 39. c5 Ka8 40.
Qa6 Bb7 41. Qb5 c6 42. Qa5 Qxh4 43. Bg6 Rc8 44. Bf5 Rb8 45. a3 Qf6 46. Be4 Bc8
47. Rd2 Bb7 48. Qa4 Qe6 49. Qd4 h4 50. Rf2 Qe7 51. Rf6 Rd8 52. Rd6 Rxd6 53. cxd6
Qd7 54. Qh8+ Bc8 55. Qxh6 h3 56. Qf6 Kb7 57. Qh6 a5 58. b4 axb4 59. axb4 Kb6 60.
Qe3+ Kb7 61. Qc5 Kb8 62. b5 cxb5 63. Bc6 Qa7 64. Qxb5+ Bb7 65. d7 Qg1+ 66. Ka2
Qf2+ 67. Ka3 Qe3+ 68. Ka4 Qd4+ 69. Ka5 Qa7+ 70. Kb4 Qd4+ 71. Kb3 Qe3+ 72. Kc2
Qf2+ 73. Kd1 Qg1+ 74. Ke2 Qg4+ 75. Ke3 Qg1+ 76. Kf4 Qf2+ 77. Kg4 Qg1+ 78. Kxh3
Qe3+ 79. Kg4 Qe6+ 80. Kf4 Qf6+ 81. Kg3 Qd6+ 82. Kg4 Qe6+ 83. Kf4 Qd6+ 84. Ke3
Qe6+ 85. Kd4 Qd6+ 86. Kc3 Qf6+ 87. Kb3 Qe6+ 88. Ka4 Qa2+ 89. Kb4 Qb2+ 90. Kc5
Qxb5+ 91. Bxb5 Kc7 92. Kd4 Kd8 93. Ke5 Bg2 94. Kd6 Bh3 95. Bc6 Bxd7 1/2-1/2

[Event "European Blitz 2015"]
[Site "Minsk BLR"]
[Date "2015.12.18"]
[Round "18.27"]
[White "Mikhalevski, Victor"]
[Black "Kazakovskiy, Valeriy"]
[Result "1-0"]
[WhiteTitle "GM"]
[BlackTitle "IM"]
[WhiteElo "2535"]
[BlackElo "2342"]
[WhiteFideId "2801914"]
[BlackFideId "13507443"]
[EventDate "2015.12.18"]
[EventType "swiss (blitz)"]

1. c4 Nf6 2. g3 e6 3. Nf3 d5 4. b3 Be7 5. Bg2 O-O 6. O-O c5 7. e3 Nc6 8. Bb2 b6
9. Nc3 Bb7 10. cxd5 Nxd5 11. Nxd5 Qxd5 12. d4 Qd8 13. a3 cxd4 14. Nxd4 Rc8 15.
Nxc6 Bxc6 16. Qg4 Bf6 17. Rad1 Qe7 18. Bxf6 Qxf6 19. Bxc6 Rxc6 20. Rd7 Rc3 21.
Qb4 Ra8 22. Rfd1 h6 23. R1d4 Rc5 24. Rf4 Rf5 25. Qe4 Rc8 26. Rxa7 Rc1+ 27. Kg2
Qa1 28. Ra8+ Kh7 29. Rxf5 Rg1+ 30. Kh3 Qf1+ 31. Kh4 g5+ 32. Rxg5+ f5 33. Qb7# 1-0

[Event "European Blitz 2015"]
[Site "Minsk BLR"]
[Date "2015.12.18"]
[Round "18.28"]
[White "Kochetkov, German"]
[Black "Sharafiev, Azat"]
[Result "1/2-1/2"]
[WhiteTitle "IM"]
[BlackTitle "IM"]
[WhiteElo "2338"]
[BlackElo "2420"]
[WhiteFideId "13500635"]
[BlackFideId "4186214"]
[EventDate "2015.12.18"]
[EventType "swiss (blitz)"]

1. f4 g6 2. Nf3 Bg7 3. g3 d6 4. Bg2 c5 5. O-O Nc6 6. e4 e6 7. Nc3 Nge7 8. d3 Rb8
9. Be3 Nd4 10. Qd2 b5 11. e5 Nef5 12. Bxd4 Nxd4 13. Nxd4 cxd4 14. Ne4 dxe5 15.
fxe5 Bxe5 16. Qh6 Qe7 17. Rae1 f5 18. Nd2 Bg7 19. Bc6+ Bd7 20. Qf4 e5 21. Bxd7+
Qxd7 22. Nf3 O-O 23. Nxe5 Qd5 24. Re2 Rbe8 25. Rfe1 Re6 26. Nf3 Rxe2 27. Rxe2 h6
28. h4 Qxa2 29. Qd6 Kh7 30. b3 Qb1+ 31. Kf2 a5 32. Qd7 a4 33. bxa4 bxa4 34. Qxa4
Rc8 35. Ne1 Qb7 36. Qa3 Qf7 37. Qe7 Qd5 38. Re6 Qh1 39. Qf7 Qh2+ 40. Kf3 Qh1+
41. Ke2 Qh2+ 42. Kf3 Qh1+ 43. Kf2 Qh2+ 44. Kf3 Qh1+ 45. Kf2 Qh2+ 46. Kf3 Qh1+
47. Kf2 Qh2+ 48. Kf3 Qh1+ 1/2-1/2

[Event "European Blitz 2015"]
[Site "Minsk BLR"]
[Date "2015.12.18"]
[Round "18.29"]
[White "Savitskiy, Sergey"]
[Black "Harutjunyan, Gevorg"]
[Result "0-1"]
[WhiteTitle "FM"]
[BlackTitle "GM"]
[WhiteElo "2365"]
[BlackElo "2436"]
[WhiteFideId "24105660"]
[BlackFideId "13300873"]
[EventDate "2015.12.18"]
[EventType "swiss (blitz)"]

1. e4 c6 2. d4 d5 3. Nc3 dxe4 4. Nxe4 Bf5 5. Ng3 Bg6 6. Bc4 Nf6 7. N1e2 Nbd7 8.
O-O a5 9. a4 e6 10. f4 Bf5 11. Nxf5 exf5 12. Re1 Be7 13. Qd3 Nb6 14. Bb3 g6 15.
c3 O-O 16. Ng3 c5 17. Be3 Ng4 18. Rad1 Qc7 19. Nxf5 gxf5 20. Qxf5 Qc8 21. Qh5 c4
22. Bc2 f5 23. Bf2 Nd5 24. g3 Ra6 25. Qh3 Rg6 26. Qg2 Nxf4 27. gxf4 Nxf2 0-1

[Event "European Blitz 2015"]
[Site "Minsk BLR"]
[Date "2015.12.18"]
[Round "18.30"]
[White "Skliarov, Viktor"]
[Black "Putka, Verners"]
[Result "0-1"]
[WhiteTitle "FM"]
[WhiteElo "2420"]
[BlackElo "2307"]
[WhiteFideId "14106736"]
[BlackFideId "11600659"]
[EventDate "2015.12.18"]
[EventType "swiss (blitz)"]

1. e4 e5 2. Nc3 Nf6 3. Bc4 Nxe4 4. Qh5 Nd6 5. Bb3 Nc6 6. Nb5 g6 7. Qf3 f5 8. Qd5
Qe7 9. Nxc7+ Kd8 10. Nxa8 b6 11. Qf3 Bb7 12. Qh3 Bxa8 13. Ne2 h5 14. d4 Nxd4 15.
Nxd4 exd4+ 16. Kf1 Bc6 17. Bf4 Bh6 18. Bxd6 Qxd6 19. Qd3 Re8 20. Re1 Re4 21. f3
Qc5 22. a4 Be3 23. Ke2 Qe7 24. Kd1 Re5 25. Re2 h4 26. h3 Qg5 27. Rhe1 f4 28. c3
dxc3 29. bxc3 Bxa4 30. Kc2 Bc6 31. Ra1 a5 32. Qd6 Qf5+ 33. Kb2 Rb5 34. Qb8+ Ke7
35. Ka2 Rxb3 36. Rxe3+ fxe3 37. Kxb3 Qb5+ 38. Kc2 Qe2+ 39. Kb3 Qb5+ 40. Kc2 Qe2+
41. Kb3 Bd5+ 42. Ka3 Qc4 43. Qe5+ Be6 44. Kb2 Qe2+ 45. Ka3 Qc4 46. Kb2 Qe2+ 47.
Ka3 Qc2 48. Qg7+ Kd8 49. Qh8+ Kc7 50. Qe5+ Kc8 51. c4 Qd3+ 52. Kb2 Qd2+ 53. Kb3
Qb4+ 54. Kc2 Qd2+ 55. Kb3 Qb4+ 56. Kc2 Bxc4 57. Qxe3 Kb7 58. Qc3 Qc5 59. Rd1 d5
60. Rd4 Qe7 61. Qd2 a4 62. Kb2 Qc5 63. Qc3 a3+ 64. Ka1 a2 65. Rd1 Qf2 66. Qb2
Qe3 67. Qg7+ Ka6 68. Qb2 g5 69. Rc1 Kb7 70. Qg7+ Ka6 71. Qb2 Qd3 72. Rc3 Qf1+
73. Rc1 Qd3 74. Rc3 Qd1+ 75. Rc1 Qa4 76. Re1 Qa5 77. Rc1 Qc5 78. Rd1 Qd6 79. Qc3
b5 80. Qb2 b4 81. Re1 Kb5 82. Qh8 Qc6 83. Qb8+ Ka4 84. Qa7+ Ba6 85. Qd4 Bc4 86.
Kb2 Qc7 87. Re6 Kb5 88. Re1 Qd7 89. Rc1 Qe6 90. Rc2 Qe1 91. Rc1 Qe2+ 92. Ka1
Qxg2 93. Qg7 Qf2 94. Qb7+ Qb6 95. Qd7+ Qc6 96. Qg7 Qd6 97. Qb7+ Kc5 98. Qa7+ Kb5
99. Qb7+ Qb6 100. Qd7+ Ka5 101. Qg7 Qe3 102. Qc7+ Qb6 103. Qg7 Qc6 104. Qa7+ Kb5
105. Qg7 b3 106. Kb2 Qd6 107. Qb7+ Ka5 108. Qa7+ Kb5 109. Qb7+ Ka4 110. Qa7+ Kb5
111. Qb7+ Qb6 112. Qd7+ Ka5 113. Qg7 Qf2+ 114. Ka3 Qc5+ 115. Kb2 Qb6 116. Qc3+
Kb5 117. Re1 Qa7 118. Ka1 Qf2 119. Re7 Qf1+ 120. Re1 Qd3 121. Qg7 Qd2 122. Qb7+
Ka4 123. Qa7+ Kb4 124. Qb7+ Kc3 125. Qg7+ Kb4 126. Rg1 d4 127. Qb7+ Kc3 0-1

[Event "European Blitz 2015"]
[Site "Minsk BLR"]
[Date "2015.12.18"]
[Round "18.31"]
[White "Przybylski, Wojciech"]
[Black "Gritsenko, Nikolai"]
[Result "1-0"]
[WhiteTitle "FM"]
[BlackTitle "FM"]
[WhiteElo "2337"]
[BlackElo "2309"]
[WhiteFideId "1117599"]
[BlackFideId "14112493"]
[EventDate "2015.12.18"]
[EventType "swiss (blitz)"]

1. e4 e5 2. Nf3 d6 3. d4 exd4 4. Nxd4 Nf6 5. Nc3 g6 6. Be2 Bg7 7. O-O O-O 8. Bg5
h6 9. Be3 Re8 10. Bd3 Nbd7 11. h3 Nc5 12. Qf3 d5 13. exd5 Nxd3 14. cxd3 Nd7 15.
Qg3 a6 16. Nf3 Nf6 17. Bf4 Nxd5 18. Nxd5 Qxd5 19. Bxc7 Bxb2 20. Rae1 Bd7 21. Qd6
Qxd6 22. Bxd6 Bg7 23. a3 Bb5 24. Ne5 Re6 25. Bc7 Rc8 26. Rc1 Bxe5 27. Ba5 Rxc1
28. Rxc1 Bc6 29. Bd2 Kg7 1-0

[Event "European Blitz 2015"]
[Site "Minsk BLR"]
[Date "2015.12.18"]
[Round "18.32"]
[White "Khoroshilov, Nikita"]
[Black "Matinian, Nikita"]
[Result "1-0"]
[BlackTitle "IM"]
[WhiteElo "2294"]
[BlackElo "2470"]
[WhiteFideId "24145122"]
[BlackFideId "24129100"]
[EventDate "2015.12.18"]
[EventType "swiss (blitz)"]

1. Nf3 g6 2. g3 Bg7 3. Bg2 e5 4. d3 d5 5. Nbd2 Ne7 6. e4 c6 7. O-O O-O 8. Re1
Nd7 9. c3 f5 10. exf5 Nxf5 11. Nf1 Nd6 12. Bg5 Bf6 13. Bh6 Re8 14. Ne3 Nf8 15.
h4 e4 16. dxe4 Nxe4 17. Nd4 Bg7 18. Bxg7 Kxg7 19. h5 Qg5 20. c4 Nxg3 21. cxd5
Nf5 22. Nexf5+ Bxf5 23. Nxf5+ Qxf5 24. Qd4+ Kh6 25. dxc6 bxc6 26. hxg6 Nxg6 27.
Re3 Rxe3 28. Qxe3+ Kg7 29. Qd4+ Kh6 30. Qe3+ Kg7 31. Qd4+ Kh6 32. Bxc6 Qg5+ 33.
Kf1 Rd8 34. Qe3 Nf4 35. Bf3 Qb5+ 36. Be2 Qg5 37. Rd1 Rxd1+ 38. Bxd1 Kg7 39. Bf3
Qb5+ 40. Kg1 Qg5+ 41. Kf1 a5 42. Qd4+ Kg8 43. Qc4+ Kf8 44. b4 axb4 45. Qxb4+ Kf7
46. a4 Qe5 47. Qc4+ Kf6 48. Qc1 Kg5 49. Kg1 h5 50. Qe3 Qa1+ 51. Kh2 Qxa4 52.
Qe5+ Kg6 53. Be4+ Kf7 54. Qxf4+ Kg7 55. Qg5+ Kf8 56. Qf5+ Kg7 57. Kg3 Qd4 58.
Kh4 Qd1 59. Qe5+ Kf8 60. Qf6+ Kg8 61. Qg6+ Kf8 62. Qf5+ Kg7 63. Qg5+ Kf8 64.
Qxh5 Qe1 65. Qf5+ Kg7 66. Kg5 Qg1+ 67. Kh4 Qh2+ 68. Kg4 Qg1+ 69. Kf3 Qd1+ 70.
Kf4 Qd2+ 71. Ke5 Qb2+ 72. Ke6 Qb6+ 73. Ke5 Qb2+ 74. Kd5 Qb5+ 75. Kd4 Qb6+ 76.
Kd3 Qb1+ 77. Ke3 Qc1+ 78. Kf3 Qh1+ 79. Kg3 Qg1+ 80. Bg2 Qc1 81. Qg4+ Kh8 82.
Qh4+ Kg7 83. f4 Qe1+ 84. Kg4 Qd1+ 85. Kg5 Qd8+ 86. Kh5 Qh8+ 87. Kg4 Qc8+ 88. Kg3
Qc3+ 89. Kg4 Qc8+ 90. f5 Qc4+ 91. Kh3 Qd3+ 92. Qg3+ 1-0